Statistiken für Geographie nach Buchstaben - Z

Klicken Sie hier um das Quiz zu spielen!

Allgemein

  • Dieses Quiz wurde 189 mal gespielt
  • Das Durchschnittsergebnis liegt bei 10 aus 16

Antwortstatistiken

HinweisAntwort% Korrekt
Hauptstadt von KroatienZagreb
98%
Grösste Stadt der SchweizZürich
97%
Schweizer Kanton (130.000 Einwohner)
und Seestadt (30.000 Einwohner)
Zug
95%
Höchster Berg DeutschlandsZugspitze
94%
Die Hälfte dieses Landes verwendet Euro,
die andere Hälfte türkische Lira
Zypern
91%
Grenzt an Tschad und KamerunZentralafrikanische
Republik
84%
Währung von PolenZłoty
84%
Früherer Name des D.R. KongoZaire
82%
Größte ethnische Gruppe SüdafrikasZulu
65%
Skigebiet mit Blick auf das MatterhornZermatt
60%
Die südwestlichste Provinz in den NiederlandenZeeland
45%
Unterarten von "buckligen" Rindern häufig
in Südasien und Afrika
Zebu
38%
"Berg", eigentlich ein Hügel,
direkt vor den Mauern Jerusalems
Zion
38%
5. größte Stadt in KroatienZadar
25%
Alte persische Religion, jetzt
von 300.000 Menschen praktiziert
Zoroastrismus
16%
Musikgenre von LouisianaZydeco
3%

Verteilung der Resultate

Perzentil nach korrekt beantworteten Fragen

Anzahl Personen mit jedem Resultat

Ihre Resultats-Entwicklung

Sie haben dieses Quiz noch nicht gespielt